000 00434cam a2200193 4500
001 D9053
008 090401t1975 xxu||||| |||| 00| 0 eng d
035 _a(Sirsi) u17177
041 _aeng
050 _a690.2
100 _aStone, P. A.
245 _aBuilding design evaluation: costs-in-use
250 _a2nd
260 _aLondon
_bSpon
_c1975
300 _axv. 227p. 22cm
350 _a5
942 _n0
948 _c04/03/1997
999 _c87482
_d87482